000 nam a22 7a 4500
999 _c8718
_d8718
008 180119b ||||| |||| 00| 0 eng d
100 _95071
_aDHAWAN.A
245 _aBUSINESS STUDIES-XII
260 _aNEW DELHI
_bARYA PUB
_c2016